01056cam a22002651 45000010005000000030008000050050017000130080039000300350018000690350019000870400023001060410008001290820018001371000051001552450227002062500011004332600050004443000035004945040020005296500022005497000057005719420012006289990015006409520135006559167BD-RjUL20211208234729.0140120s19531950nyua 001 0 eng a(BD-RjUL)9212 a(OCoLC)1902654 aDLCcFMUdDLCbeng aeng a540bFRF 19531 aFrancis, Charlotte A.q(Charlotte Anne)92845210aFundamentals of chemistry and applications :bchosen from inorganic, organic, and biochemistry,with applications in physiology, microbiology, nutrition, and everyday concerns /c[by] Charlotte A. Francis and Edna C. Morse. a3d ed. aNew York :bMacmillan,cc1950 [Reprint 1953]. axi, 545 p. :billus. ;c22 cm. aIncludes Index. 0aChemistry.9284531 aMorse, Edna C.q(Edna Curtiss)ejoint author.928454 2ddccBK c9167d9167 00102ddc40718NFICaRUCLbRUCLcReadingd1959-04-23eAsia foundationl0o540 FRF 1953r2014-01-20 00:00:00tC-1w2021-12-08yBK